[Event "Stepan Avagyan Memorial 2020"]
[Site "Jermuk"]
[Date "2020.07.12"]
[Round "6.4"]
[White "Harutyunian, Tigran K."]
[Black "Gharibyan, Mamikon"]
[Result "0-1"]
[WhiteElo "2551"]
[BlackElo "2433"]
[Annotator "TA"]
[PlyCount "156"]
[EventDate "2020.07.05"]
[EventType "tourn"]
[EventCountry "ARM"]
[SourceTitle "playchess.com"]
[Source "ChessBase"]
[SourceQuality "1"]

{[%evp 10,156,17,12,17,0,0,0,0,0,29,22,30,0,0,0,0,-11,0,-11,0,-1,0,-47,-51,-73,-63,-81,-71,-55,-80,-54,29,-69,-52,-245,-245,-250,-264,-251,-218,-344,-334,-369,-383,-378,-379,-383,-373,-349,-369,-412,-410,-424,-409,-534,-534,-557,-553,-570,-570,-604,-612,-614,-471,-466,0,-295,0,-62,-52,-62,0,-26,0,-43,-48,-50,0,0,0,0,0,0,0,0,0,0,0,-425,-102,-1466,-1358,-1334,-1349,-1997,-2111,-1875,-1718,-3008,-2445,-1849,-755,-1190,-1240,-1143,-1188,-974,-1005,-803,-274,-1250,-958,-753,-299,-317,-301,-245,0,-926,0,0,0,-860,-8,-8,-8,-149,0,0,0,-94,-8,-632,-555,-1221,-1181,-1717,-1648,-29989,-29990,-29990,-29991,-29991,-29989,-29989,-29990,-29990,-29990]} 1. c4 Nf6 2. Nc3 e6 3. e4 d5 4. cxd5 exd5 5. e5 Ne4 6. Nf3 ({Reject} 6. Nxe4 dxe4 7. Qa4+ Nc6 $15) 6... Bf5 {A18: English Opening: Flohr-Mikenas System (1 c4 Nf6 2 Nc3 e6 3 e4).} 7. d3 (7. d4 {with more complications.} Bb4 8. Bd2 Nc6 9. Bb5 O-O 10. O-O) 7... Nxc3 8. bxc3 c5 {The position is equal.} 9. d4 Qa5 10. Bd2 {Black must now prevent c4.} Nc6 11. Be2 (11. c4 $5 {[%cal Rd2a5]} Qd8 12. Qb3 $14) 11... Be7 12. O-O O-O 13. a4 Rac8 {[#]} 14. Qb3 $146 ({Predecessor:} 14. Ra2 a6 15. Rb2 c4 16. Ne1 b5 17. axb5 axb5 18. Bg4 Bxg4 19. Qxg4 h5 20. Qxh5 {½-½ (37) Nakamura,H (2769)-Ding,L (2791) Stavanger 2018}) 14... c4 15. Qb2 Qb6 16. Qa2 Na5 17. Bg5 Bxg5 $1 18. Nxg5 Nb3 19. Rae1 h6 $36 {[%mdl 2048] Black is really pushing.} 20. g4 Qg6 (20... Bd7 $15 21. Nh3 Qa5) 21. f4 (21. gxf5 $11 Qxg5+ 22. Kh1) 21... Bd7 $15 22. Nf3 $2 (22. Nh3 $1 $15) 22... Qxg4+ $19 {[%mdl 64] Double Attack} 23. Kh1 Qxf4 24. Bd1 Bf5 25. Qg2 (25. Bc2 $142 Bh3 26. Rf2) 25... Be4 26. Bc2 Nd2 27. Bxe4 Nxf1 ({Not} 27... Nxe4 28. Ng1 $19) 28. Bb1 Ne3 29. Qe2 Nf5 30. Ng1 Ne7 31. Qc2 {[%csl Gb1][%cal Rc2h7]} g6 32. Qg2 Rc6 33. Nh3 Qh4 34. Rf1 Rb6 35. Bc2 Rb2 36. Nf4 Qg5 37. Qf2 Rd8 $2 {[#]} (37... Ra2 $19 38. Qe2 Qh4) 38. h4 $2 {[%mdl 8192] [#]} (38. Ne6 $1 $11 {[%mdl 512] and White has nothing to worry.} fxe6 39. h4) 38... Qg4 $2 {[#]} ({Black should try} 38... Rxc2 $1 $19 39. hxg5 (39. Qxc2 Qg3) 39... Rxf2 40. Rxf2 hxg5) 39. Nd3 (39. Nxg6 $1 $11 {[%mdl 512]} Qh3+ (39... Nxg6 40. Qxf7+) 40. Kg1 Qg4+ {[%mdl 64] Double Attack} 41. Kh1 Qxg6 42. Rg1 Qxg1+ 43. Kxg1) 39... Qh3+ $1 $15 40. Kg1 Qg4+ (40... Qxf1+ $5 41. Qxf1 cxd3 42. Bxd3 Rb6 $17) 41. Kh1 Qh3+ 42. Kg1 {[#]} Qxf1+ $1 {[%mdl 512]} 43. Qxf1 Rxc2 44. Nb4 $1 {[%cal Rb4c2]} Rxc3 45. Qf6 Rc1+ 46. Kh2 Re8 47. e6 fxe6 48. Qxe6+ Kf8 $1 {Threatens to win with ...Ng8.} 49. h5 $2 {[%mdl 8192]} (49. Qf6+ $11 Kg8 50. Qe6+ Kf8 51. Qf6+ Kg8 52. Qe6+) 49... Rf1 $2 (49... Nf5 $1 $19 {and Black stays clearly on top.} 50. Qf6+ Kg8 51. Qxg6+ Ng7) 50. hxg6 $2 {[%mdl 8192] [#]} (50. Nxd5 $17 Nxd5 51. Qxd5) 50... Nxg6 $1 $19 51. Qd6+ (51. Qxg6 Re2+) 51... Kg7 52. Nxd5 Re2+ 53. Kg3 Rf7 54. Qc5 h5 55. Qxc4 Re4 (55... h4+ $142 56. Kh3 Ref2) 56. Qc2 Rg4+ 57. Kh2 Nh4 58. Ne3 Nf3+ {[%mdl 64] Double Attack} 59. Kh3 {[#]} Rg5 $2 (59... Re4 $1 {[%mdl 512]} 60. Qc3 (60. Qxe4 Ng5+) 60... Nxd4) 60. d5 $2 (60. Qc8) 60... Ng1+ 61. Kh2 Kh6 $2 (61... h4 62. Kh1 Nf3 63. Qb2+ Kg6 64. Qc2+ Kh6) 62. Qc8 Nf3+ 63. Kh3 Kg7 $2 (63... Kh7 $19 64. Qe6 Kg7) 64. d6 $2 {[%mdl 8192] [#]} (64. Qc2 $11) 64... Ng1+ $2 ({Black should play} 64... Rf4 $1 $19 {[%csl Gf3][%cal Rf4h4]} 65. Qc3+ Kh7 66. Qc2+ Kh6) 65. Kh4 $11 Nf3+ $2 {[%mdl 8192]} (65... Rg6 $11 66. Kxh5 Rh6+ 67. Kg4 Rg6+ 68. Kh5 Ne2) 66. Kh3 $19 {[#]} Ne5 $2 (66... Rf4 $1 $19 {[%csl Gf3][%cal Rf4h4]} 67. Qc3+ Kh7 68. Qd3+ Kg7 69. Qc3+ Kh7 70. Qd3+ Kh6 71. Nf5+ Rgxf5) 67. Kh4 $11 Rg6 {Black wants to play ...Nf3+.} 68. Qc3 (68. Nf5+ $1 $11 {was the only way to keep the balance.} Kh7 69. Kh3) 68... Kf6 ({Better is} 68... Re6 $17 {Strongly threatening ...Kh6.} 69. Kg5 Kh7 70. Qc2+ Ng6) 69. Qd4 Rg1 {aiming for ...Rfg7.} 70. Kh3 (70. d7 $11 {keeps the balance.} Rh1+ 71. Kg3 Rg7+ 72. Kf2 Rh2+ 73. Kf1 Rh1+ 74. Kf2 Rh2+ 75. Kf1 Rh1+ 76. Kf2) 70... Rg5 (70... Rfg7 $17 {[%cal Rg1h1]} 71. Kh2 (71. Qf4+ Ke6 $15) 71... R1g5) 71. Kh4 $2 {[%mdl 8192]} (71. Nc4 $11 Rd7 72. Nxe5 Rxe5 73. Qxa7) 71... Kg6 $19 {( -> ...Nf3+)} 72. Qe4+ Kh6 73. d7 {[#]} Rf4+ $1 {[%mdl 576] Double Attack} 74. Kh3 (74. Qxf4 Ng6+) 74... Rxe4 {Black mates.} 75. Nf5+ Rxf5 76. d8=Q Rf3+ 77. Kg2 Rg4+ 78. Kh2 Ng6 {Accuracy: White = 44%, Black = 66%.} 0-1

[Event "Stepan Avagyan Memorial 2020"]
[Site "Jermuk"]
[Date "2020.07.12"]
[Round "6.5"]
[White "Sargsyan, Shant"]
[Black "Sargsyan, Anna M."]
[Result "0-1"]
[WhiteElo "2594"]
[BlackElo "2405"]
[Annotator "TA"]
[PlyCount "138"]
[EventDate "2020.07.05"]
[EventType "tourn"]
[EventCountry "ARM"]
[SourceTitle "playchess.com"]
[Source "ChessBase"]
[SourceQuality "1"]

{[%evp 23,138,12,0,0,0,1,4,2,14,10,12,14,35,0,0,0,10,14,5,8,60,60,60,63,60,0,0,0,6,0,0,0,0,0,0,0,0,0,4,8,10,4,8,-31,-18,-19,-11,-46,-15,-8,0,-35,-11,-39,-8,-110,0,-24,0,0,0,-27,0,0,0,0,0,0,0,0,20,0,0,0,0,0,0,0,0,0,0,0,0,-204,-113,-109,-110,-133,-46,-31,-32,-136,-31,-253,-251,-237,-222,-225,-222,-244,-222,-233,-220,-332,-254,-422,-468,-683,-529,-734,-675,-898,-898,-29975,-29969,-29989,-29989]} 1. e4 e5 2. Nf3 Nc6 3. Bb5 a6 4. Ba4 Nf6 5. O-O Nxe4 6. d4 b5 7. Bb3 d5 8. dxe5 Be6 9. c3 Be7 10. Nbd2 O-O 11. Bc2 f5 12. exf6 Nxf6 13. Re1 {C83: Open Ruy Lopez: 9 c3 Be7.} Bg4 14. h3 Bh5 $1 15. Nf1 {The position is equal.} Bc5 $1 16. Be3 Bxe3 17. Rxe3 {[#]} d4 $146 ({Predecessor:} 17... Re8 18. Rxe8+ Qxe8 19. Ng3 Bg6 20. Bxg6 Qxg6 21. a4 Re8 22. Qf1 Rb8 23. axb5 axb5 {1-0 (32) Krabbe,W-Rehmann,M Germany 1995}) 18. cxd4 Bxf3 19. Rxf3 Nxd4 20. Rd3 {And now b4 would win.} c5 {[#]} 21. b4 $1 {[%mdl 512]} Nd5 (21... Qe8 $1 $11) (21... cxb4 22. Rxd4) 22. Bb3 $1 $14 ({Reject} 22. bxc5 Nf4 $11) 22... Kh8 $1 {...Nf4 is the strong threat.} 23. Bxd5 $1 ({And not} 23. bxc5 Nf4 $17) 23... Qxd5 24. bxc5 (24. Qd2 $1 $14 Rae8 25. Ng3) 24... Rad8 $11 {next ...Ne2+! is good for Black.} 25. Rd2 Qxc5 26. Rc1 Qg5 {aiming for ...Nf3+.} 27. Qg4 Qxg4 28. hxg4 h6 29. f3 a5 {[%cal Ba6a5,Ba5a4,Ba4a3][%mdl 32]} 30. Kf2 Ne6 31. Rc6 Nf4 32. Kg3 Nd5 33. Rb2 b4 34. Rc5 a4 35. Rc4 a3 36. Rb3 $1 Rd7 37. Rd4 Rfd8 38. Kf2 Kg8 39. Kg1 (39. f4 $11 {keeps the balance.}) 39... Kf7 (39... Nc3 $17 40. Rdxb4 Rd3) 40. Ng3 Ke6 41. Re4+ Kd6 42. Rc4 Rc7 43. Nf5+ $1 Kd7 44. Rd4 $1 {[%cal Rd4d5]} Kc6 45. Ne3 Rb7 46. Rbd3 {[%cal Re3d5]} Rb5 47. Nc2 Rdb8 48. Re4 Rc5 49. Nd4+ Kb7 50. Nb3 Rb5 51. Nd4 Rc5 {Strongly threatening ...Nc3.} 52. Ne6 Rb5 {With the idea ...Nc3.} 53. Nxg7 $2 (53. Nd4 $11 {and White stays safe.} Rc5) 53... b3 ({Black should play} 53... Nc3 $1 $19 {[%cal Rc3e4]} 54. Re7+ Ka6) 54. axb3 $17 {Threatens to win with Ra4.} a2 $1 {[%cal Ra2a1]} 55. Re1 {[#]} Ra8 (55... Nb4 $1 $17 {[%cal Rb4d3]} 56. Rd2 Ra8) 56. Ra1 $1 $15 Nb4 $36 {[%mdl 2048] Black has good play.} 57. Rd2 (57. Rd7+ $15 Kc6 58. Rd2) 57... Rc5 ({Black should try} 57... Rd5 $17 58. Re2 Rd3) 58. Nf5 $2 {[#] Now White is beyond hope.} ({White must play} 58. Ne6 $1 $15 Rcc8 59. Nd4) 58... Nc2 $1 $19 {[%cal Rc2a1]} 59. Rxa2 Rxa2 60. Nxh6 Rb2 61. Nf7 Rxb3 62. g5 Ne3 63. g4 (63. Kf2 $142) 63... Nd5 64. g6 $2 (64. Nd8+ {was called for.} Kc8 65. Ne6 Rc1+ 66. Kf2) 64... Rxf3 65. g7 (65. Nd8+ $142 Kb6 66. Ne6) 65... Rg3+ 66. Kh2 Rxg4 {( -> ...Ne3)} 67. Nd6+ Kc7 68. Ne4 Rc6 {[%cal Rc6h6]} 69. Kh3 Rxg7 {Accuracy: White = 65%, Black = 75%.} 0-1

[Event "Stepan Avagyan Memorial 2020"]
[Site "Jermuk"]
[Date "2020.07.13"]
[Round "7.1"]
[White "Sargsyan, Anna M."]
[Black "Martirosyan, Haik M."]
[Result "0-1"]
[WhiteElo "2405"]
[BlackElo "2617"]
[Annotator "TA"]
[PlyCount "62"]
[EventDate "2020.07.05"]
[EventType "tourn"]
[EventCountry "ARM"]
[SourceTitle "playchess.com"]
[Source "ChessBase"]
[SourceQuality "1"]

{[%evp 18,62,17,22,35,16,36,24,30,34,25,20,32,33,30,17,43,0,0,0,0,0,0,0,0,0,0,0,0,-79,-85,-95,-99,-298,-285,-266,-260,-439,-410,-564,-547,-1100,-1072,-967,-884,-1426,-1383]} 1. d4 Nf6 2. c4 e6 3. Nf3 d5 4. Nc3 c6 5. e3 Nbd7 6. Bd3 b6 7. O-O Bb7 8. b3 Be7 9. Bb2 O-O 10. Rc1 dxc4 {D46: Semi-Slav: 5 e3 Nbd7 6 Bd3, Black avoids the Meran.} 11. bxc4 c5 12. d5 exd5 {White has an edge.} 13. cxd5 Nxd5 14. Nxd5 Bxd5 15. Bxh7+ $1 Kxh7 16. Qxd5 Bf6 17. Rc4 {[#]} Kg8 $146 ({Predecessor:} 17... Ne5 18. Qe4+ Ng6 19. Bxf6 Qxf6 20. h4 Rfe8 21. Qc2 Kg8 22. Ng5 Rad8 23. Rg4 Rd5 {½-½ (57) Khurtsilava,I (2120)-Hlgatian,G (2115) Tbilisi 1993}) 18. Qh5 Bxb2 19. Rh4 {[%csl Gh4][%cal Rh5h8]} f6 $1 {Threatens to win with ...Ne5.} 20. Rd1 Qe8 {And now ...Qxh5 would win.} 21. Qh7+ Kf7 {[#] Strongly threatening ...Ne5.} 22. Qf5 $1 {[%mdl 512]} Ke7 {White must now prevent ...Ne5.} 23. Rg4 {[#]} (23. Qe4+ $1 $11 {remains equal.} Be5 24. Rh7) 23... Rd8 $1 $17 {Hoping for ...Qf7.} (23... Kd8 $2 24. Qd5 $18) 24. Rxg7+ Rf7 25. Qe4+ $2 {This move loses the game for White.} (25. Rxf7+ $17 Qxf7 26. Qd3) 25... Ne5 $19 26. Rxf7+ Kxf7 27. Ng5+ $2 (27. Rxd8 {is a better defense.} Qxd8 28. Nxe5+ Bxe5 29. g4) 27... Ke7 {[%cal Rd8d1]} ({But not} 27... Kf8 $2 28. Rxd8 Qxd8 29. Ne6+ Ke8 30. Nxd8 $18) 28. Qh7+ {[#]} Qf7 $1 {[%cal Rd8d1][%mdl 512] Black is clearly winning.} 29. Rxd8 (29. Nxf7 Rxd1#) 29... Qxh7 30. Nxh7 Kxd8 31. Nxf6 Nf3+ {Accuracy: White = 38%, Black = 100%.} 0-1

[Event "Stepan Avagyan Memorial 2020"]
[Site "Jermuk"]
[Date "2020.07.13"]
[Round "7.2"]
[White "Gharibyan, Mamikon"]
[Black "Sargsyan, Shant"]
[Result "0-1"]
[WhiteElo "2433"]
[BlackElo "2594"]
[Annotator "TA"]
[PlyCount "100"]
[EventDate "2020.07.05"]
[EventType "tourn"]
[EventCountry "ARM"]
[SourceTitle "playchess.com"]
[Source "ChessBase"]
[SourceQuality "1"]

{[%evp 12,100,25,20,16,17,20,13,12,0,0,8,4,0,0,0,0,0,0,0,0,0,13,13,7,6,4,8,16,14,12,13,18,0,22,16,39,48,42,0,0,0,4,7,12,0,61,0,0,0,0,-107,-104,-106,-101,-107,-114,-118,-90,-242,-251,-241,-91,-69,0,0,0,0,0,0,0,0,0,0,0,0,0,0,0,0,0,-6,0,-927,-889,-29992,-29993,-29993,-29994,-29994,-29995]} 1. d4 Nf6 2. c4 e6 3. Nf3 d5 4. Nc3 Bb4 5. cxd5 exd5 6. Bg5 h6 7. Bh4 Bf5 {D38: Queen's Gambit Declined: Ragozin Defence (4 Nf3 Bb4).} 8. e3 Nbd7 9. Qb3 Ba5 {The position is equal.} 10. Be2 c6 $1 11. O-O ({Reject} 11. Qxb7 Rb8 $17) 11... Qb6 12. Nd2 O-O 13. Bg3 {[#]} Rfe8 $146 ({Predecessor:} 13... Bb4 14. h3 Be7 15. Rac1 Qxb3 16. Nxb3 a5 17. Nd2 Rfc8 18. Bf3 Nf8 19. Na4 N6d7 20. Rfd1 Ne6 21. e4 dxe4 22. Nxe4 Ng5 23. Nxg5 {½-½ (23) Fernandez Medina,E (2282)-Buchaillot,L (2204) ICCF email 2017}) 14. Rfd1 Bb4 15. Na4 Qa5 16. Nc3 c5 {White must now prevent ...cxd4.} 17. a3 Bxc3 $1 18. Qxc3 Qxc3 19. bxc3 c4 20. a4 a5 21. Ra2 Re6 22. Rda1 Raa6 (22... Bd3 $5 {[%cal Rd3e2]} 23. Bf3 Rb6 $11) 23. Kf1 Ne4 24. Nxe4 Bxe4 25. Bg4 f5 26. Be2 g5 27. Rd2 Rac6 28. Raa2 Rb6 (28... Bd3 $11) 29. Rab2 (29. Bc7 $1 $14 Rb1+ 30. Rd1) 29... Rxb2 $11 30. Rxb2 Nb6 31. Ra2 (31. Bc7 $11 {remains equal.} Nxa4 {[%mdl 64] Double Attack} 32. Rxb7) 31... f4 $1 $17 {[%cal Rf4g3]} 32. exf4 Bd3 $1 33. Bxd3 cxd3 {[%mdl 4096] Endgame KRB-KRN} 34. Rd2 Nxa4 35. Rxd3 $2 (35. fxg5 $17 hxg5 36. Rxd3) 35... Nb2 $1 $19 {[%cal Rb2d3]} 36. Rd2 Nc4 (36... Rb6 $1 $19 {and Black stays clearly on top. Strongly threatening ...a4.} 37. fxg5 a4) 37. Ra2 $17 a4 ({Black should play} 37... g4 $15) 38. f5 $1 $11 {[%cal Rf5e6]} Ra6 39. Ke2 a3 40. Be5 Rb6 {And now ...Rb2+ would win.} 41. Kd3 Rb1 42. g4 Rc1 43. Bg3 Kf7 44. h4 Re1 45. hxg5 hxg5 46. Bc7 Ke8 47. f4 $2 {[%mdl 8192] [#]} (47. Be5 $11) 47... Rd1+ $1 $19 48. Kc2 {[#]} Ne3+ $1 {Black mates.} 49. Kb3 Rb1+ 50. Ka4 Nc4 {Accuracy: White = 80%, Black = 90%.} 0-1

[Event "Stepan Avagyan Memorial 2020"]
[Site "Jermuk"]
[Date "2020.07.13"]
[Round "7.3"]
[White "Mikaelyan, Arman"]
[Black "Harutyunian, Tigran K."]
[Result "0-1"]
[WhiteElo "2483"]
[BlackElo "2551"]
[Annotator "TA"]
[PlyCount "90"]
[EventDate "2020.07.05"]
[EventType "tourn"]
[EventCountry "ARM"]
[SourceTitle "playchess.com"]
[Source "ChessBase"]
[SourceQuality "1"]

{[%evp 14,90,13,8,4,0,3,0,14,7,25,0,0,0,0,0,0,0,0,-40,-32,-116,-102,-107,-95,-104,-102,-135,-102,-200,-155,-179,-131,-181,-157,-245,-252,-261,-252,-271,-268,-270,-259,-256,-260,-259,-261,-259,-254,-249,-221,-335,-335,-327,-321,-318,-318,-313,-311,-297,-279,-286,-285,-442,-425,-481,-475,-467,-472,-479,-458,-472,-468,-619,-615,-597,-583,-573,-566]} 1. d4 Nf6 2. c4 e6 3. Nf3 b6 4. g3 Bb7 5. Bg2 Bb4+ 6. Nbd2 O-O 7. O-O d5 8. a3 Be7 {E16: Queen's Indian: 4 g3 Bb7 5 Bg2 Bb4+.} 9. b3 c5 10. Bb2 a5 {The position is equal.} 11. Ne5 {[#]} a4 $5 $146 {[%mdl 8] An interesting novelty.} ({Predecessor:} 11... cxd4 12. Bxd4 Bc5 13. Bb2 Nc6 14. Nd3 Bd4 15. Qc2 Rc8 16. Rfd1 Qe7 17. Rac1 Rfd8 {½-½ (41) Sitorus,Y (2411)-Achilles,E (2442) ICCF email 2018}) 12. Rc1 axb3 13. dxc5 Bxc5 14. Qxb3 Nc6 15. Nd3 Na5 16. Qd1 d4 17. Nf3 {White is on the road to losing.} (17. Bxb7 $1 $15 Nxb7 18. Nf3) 17... Qd6 $17 18. Nxc5 bxc5 19. e3 {[%cal Re3d4]} e5 20. exd4 exd4 21. Re1 (21. Bc3 $17) 21... Qb6 22. Ba1 Qb3 23. Rb1 Qxa3 24. Qc1 (24. Bb2 $17 Qa2 25. Re2 Qxc4 26. Re5) 24... Qxc1 $19 25. Rexc1 Rfb8 26. Rb2 Be4 ({Not} 26... Nxc4 27. Rxb7 Rxb7 28. Nxd4 $15) 27. Nd2 Bxg2 28. Kxg2 Nd7 29. Rb5 Rxb5 30. cxb5 Rb8 31. Rb1 f5 32. g4 (32. h3 $142) 32... fxg4 33. Ne4 Rb6 34. Nxc5 Nxc5 35. Bxd4 Nab7 36. Be3 Kf7 37. Kg3 h5 38. Kf4 (38. f3 $142) 38... Rf6+ {Black is clearly winning.} 39. Ke5 Nd7+ 40. Kd4 Rd6+ 41. Kc3 Nb6 42. Bd4 Na5 43. Bc5 Na4+ 44. Kb4 Nxc5 45. Kxc5 Nb7+ {Accuracy: White = 57%, Black = 94%.} 0-1

[Event "Stepan Avagyan Memorial 2020"]
[Site "Jermuk"]
[Date "2020.07.13"]
[Round "7.4"]
[White "Barseghyan, Armen Ar."]
[Black "Petrosyan, Manuel"]
[Result "0-1"]
[WhiteElo "2387"]
[BlackElo "2607"]
[Annotator "TA"]
[PlyCount "86"]
[EventDate "2020.07.05"]
[EventType "tourn"]
[EventCountry "ARM"]
[SourceTitle "playchess.com"]
[Source "ChessBase"]
[SourceQuality "1"]

{[%evp 21,86,0,0,0,0,0,0,0,0,-15,-8,-15,-8,0,0,0,0,-31,-10,-22,-10,-7,0,-3,0,-8,0,0,0,0,0,0,15,25,21,0,0,0,0,0,0,0,0,0,0,0,0,-196,-193,-272,-198,-208,-203,-337,-311,-675,-668,-757,-760,-755,-748,-1925,-1779,-1806,-1523,-1553,-1432]} 1. d4 Nf6 2. Nf3 d5 3. c4 e6 4. Nc3 dxc4 5. e3 a6 6. a4 c5 7. Bxc4 Nc6 8. O-O cxd4 9. exd4 Be7 10. Be3 Nb4 11. Qe2 O-O 12. Ne5 {D27: Queen's Gambit Accepted: Classical main line: 7 e4!? and 7 a4.} Bd7 13. Rfe1 Bc6 {[#]} 14. Nxc6 $146 {The position is equal.} ({Predecessor:} 14. Bb3 Bd5 15. Nxd5 Nfxd5 16. Bd2 Rc8 17. Rac1 Rxc1 18. Rxc1 Bg5 19. Be3 Nxe3 20. fxe3 {1-0 (60) Vanczak,A (2230)-Donka,P (2267) Hungary 2002}) 14... bxc6 15. Red1 a5 16. Bf4 Qb6 17. Be5 Rfd8 18. Rac1 Nd7 19. b3 Bf6 20. g3 Bxe5 21. dxe5 Qc5 22. Re1 Nb6 23. Nb1 (23. Na2 {looks sharper.} Nxa2 24. Qxa2 Qb4 25. Bf1 Rd2 26. Qb1) 23... Qe7 24. Red1 Rxd1+ 25. Rxd1 Rd8 26. Nc3 h6 27. Ne4 N4d5 28. Qd2 Qa7 29. Qd4 Qc7 30. f4 Rb8 31. Kh1 Nxc4 32. bxc4 Rb4 33. Qc5 Nb6 {[%mdl 64] [#] Double Attack} 34. Nd6 $2 (34. Nf6+ $1 $11 gxf6 35. exf6) 34... Nxa4 $19 35. Qd4 (35. Qe3 $142) 35... Qb6 36. Qxb6 Nxb6 {[%mdl 4096] Endgame KRN-KRN} 37. Nb7 (37. c5 {was called for.} Nd5 38. Ra1) 37... Nxc4 38. Nd8 $2 (38. Nd6) 38... c5 {[%cal Bc6c5,Bc5d4][%mdl 32] Black is clearly winning.} 39. Rd7 Ne3 {[#] ( -> ...Rb1+)} 40. Kg1 Rd4 41. Rxd4 cxd4 42. Kf2 a4 43. Nc6 Nc2 {Accuracy: White = 62%, Black = 96%.} 0-1

[Event "Stepan Avagyan Memorial 2020"]
[Site "Jermuk"]
[Date "2020.07.13"]
[Round "7.5"]
[White "Shahinyan, David"]
[Black "Davtyan, Artur"]
[Result "0-1"]
[WhiteElo "2456"]
[BlackElo "2461"]
[Annotator "TA"]
[PlyCount "88"]
[EventDate "2020.07.05"]
[EventType "tourn"]
[EventCountry "ARM"]
[SourceTitle "playchess.com"]
[Source "ChessBase"]
[SourceQuality "1"]

{[%evp 14,88,0,-4,4,16,16,16,16,15,33,22,6,10,30,-7,37,37,61,80,82,75,74,94,125,143,142,129,211,129,115,76,75,0,0,0,0,0,0,-82,0,-186,-181,-182,-183,-205,-90,-111,-107,-118,-124,-157,-162,-150,-148,-218,-214,-209,-207,-152,-168,-163,0,-140,-30,-483,-486,-670,-453,-1105,-713,-1311,-1304,-2833,-2279,-29984,-29985]} 1. e4 c5 2. Be2 Nc6 3. f4 d6 4. Nf3 g6 5. O-O Bg7 6. Qe1 Nf6 7. d3 O-O 8. Nc3 Nd4 {B07: Pirc Defence: Miscellaneous Systems.} 9. Bd1 Bg4 10. Nxd4 {Threatens to win with Nf3.} cxd4 {The position is equal.} 11. Ne2 Qb6 12. Kh1 Rac8 {[#]} 13. a4 $146 {[%cal Ba2a4,Ba4a5,Ba5a6][%mdl 32]} ({Predecessor:} 13. Ng1 Bxd1 14. Qxd1 Rc7 15. a4 a5 16. Ra3 Rfc8 17. Rf2 Rc5 18. b3 Qc7 19. Ra2 {0-1 (52) Barnes,L (1664)-Grant,A (2155) Hawick 2006}) 13... e5 14. a5 Qc7 15. c4 b5 16. cxb5 Qb7 {[#]} 17. b6 $1 {[%mdl 512]} axb6 18. a6 Qc6 19. fxe5 dxe5 20. Bg5 $1 {[%cal Rg5f6]} Bd7 (20... Ra8 $16) 21. Bb3 Be6 22. Rxf6 Bxf6 23. Ba4 (23. Bxf6 $16 {Hoping for Bd1.} Bxb3 24. Bxe5) 23... b5 $11 24. Bxf6 bxa4 25. Qh4 {[#] Qh6 would kill now.} Bg4 $1 {[%mdl 512]} 26. Ng1 (26. Rf1 $1 $11 h5 27. Ng3) (26. Qxg4 Qxf6) 26... Qxa6 {[#]} ({Better is} 26... Rfe8 $17 27. a7 Bh5) 27. Bxe5 $2 (27. Rxa4 $1 $11 {[%mdl 512] and White stays safe.} Qd6 (27... Qxa4 28. Qh6) 28. Ra5) 27... f6 $19 28. Bxd4 Qxd3 29. Bxf6 Qxe4 (29... Rc4 $19 {is more deadly. ...Bc8 is the strong threat.} 30. Re1 Rxe4) 30. Re1 $17 Qf5 31. Re7 {[%csl Ge7][%cal Rh4h7]} Rf7 32. Rxf7 Kxf7 33. Bc3 g5 34. Qg3 (34. Qe1 $17) 34... Qf4 $1 $19 {[%cal Rf4g3]} 35. Qd3 {[#]} Bf5 $1 {[%cal Rf5d3]} 36. Qd5+ Be6 37. Qd3 Bf5 38. Qd5+ Kg6 (38... Ke7 $17 {White must now prevent ...Qe4.} 39. h3 {[#]} (39. Bb4+ Kf6 $17) 39... a3 $1 {[%mdl 512]}) 39. Be5 $2 {[%mdl 8192]} (39. h3 $1 $11) 39... Qc4 40. Qb7 Qf7 41. Qb5 (41. Qb6+ $142 Qe6 42. Qe3) 41... Qe6 42. h3 Be4 43. Bc3 {[#]} a3 $1 {[%cal Ba4a3,Ba3b2][%mdl 32]} 44. Qa4 (44. bxa3 Rxc3) 44... axb2 {Never resign too early! Accuracy: White = 48%, Black = 65%.} 0-1